000 00448nam a2200181Ia 4500
001 3758
005 20260306145707.0
008 260306t2011||||xx |||||||||||||| ||spa||
041 _aESP
082 _a302.3
_bM26
100 _aMarín Sánchez, Manuel
_eAUT
245 0 _aTrabajando con grupos:
_btécnicas de intervención
260 _c2011
300 _a234 páginas :
_c24 cm.
650 _aGEN
654 _aCED
942 _cLIB
_dJUS
_fJUS
_2ddc
_n
999 _c3758
_d3758